L'arithmétique dans les algèbres de matrices.

Guardado en:
Autor Principal: Chevalley, C. 1909-1984.
Formato: Libro
Idioma:French
Publicado: Paris : Hermann, 1936.
Materias:
Etiquetas: Agregar Etiqueta
Sin Etiquetas, Sea el primero en etiquetar este registro!
LEADER 00497cam a2200169ua 4500
001 MAT.inmabb005548
008 810316s1936####fr############000#0#fre##
005 20170823141800.0
245 1 2 |a L'arithmétique dans les algèbres de matrices. 
260 |a Paris :  |b Hermann,  |c 1936. 
300 |a p. ;  |c cm. 
100 1 |a Chevalley, C.  |q (Claude),  |d 1909-1984. 
650 0 |a Algebraic fields. 
084 |a 15-XX  |2 msc2000 
010 |a  36014687  
040 |a DLC  |c CarP  |d DLC 
859 |h 15  |i C527l  |p A-2725  |b BIB. MATEMATICA